UNDERSTANDING EXPERIMENTAL PHARMACOLOGY (Record no. 18653)

MARC details
000 -LEADER
fixed length control field 00360nam a22001577a 4500
003 - CONTROL NUMBER IDENTIFIER
control field SGT
020 ## - INTERNATIONAL STANDARD BOOK NUMBER
International Standard Book Number 978-93-88108-44-7
082 ## - DEWEY DECIMAL CLASSIFICATION NUMBER
Classification number 615
Item number U19T
100 ## - MAIN ENTRY--PERSONAL NAME
Personal name TIWARI, RAVI KANT
245 ## - TITLE STATEMENT
Title UNDERSTANDING EXPERIMENTAL PHARMACOLOGY
250 ## - EDITION STATEMENT
Edition statement 1ST
260 ## - PUBLICATION, DISTRIBUTION, ETC. (IMPRINT)
Place of publication, distribution, etc INDIA
Name of publisher, distributor, etc CBS PUB
Year of Publication 2019
300 ## - PAGE DESCRIPTION
No. of Pages 155
650 ## - SUBJECT ADDED ENTRY--TOPICAL TERM
Topical term or geographic name as entry element PHARMACOLOGY
942 ## - ADDED ENTRY ELEMENTS (KOHA)
Source of classification or shelving scheme Dewey Decimal Classification
Koha item type Books
942 ## - ADDED ENTRY ELEMENTS (KOHA)
-- 1
Holdings
Withdrawn status Lost status Source of classification or shelving scheme Damaged status Not for loan Collection code Home library Current library Shelving location Date acquired Vendor Name Cost, normal purchase price SGTU Bill Number Total Checkouts Full call number Accession No. (Barcode) Date last seen Date last borrowed Bill Date Koha item type
    Dewey Decimal Classification     MEDICAL SGT Medical Library SGT Medical Library Text Book 01/08/2019 ABC DELHI 250.00 SGTU 11141 1 615 U19T FM11491 26/05/2026 04/05/2026 03/07/2019 Books
    Dewey Decimal Classification     MEDICAL SGT Medical Library SGT Medical Library Text Book 01/08/2019 ABC DELHI 250.00 SGTU 11141   615 U19T FM11492 01/08/2019   03/07/2019 Books
    Dewey Decimal Classification     MEDICAL SGT Medical Library SGT Medical Library Text Book 01/08/2019 ABC DELHI 250.00 SGTU 11141   615 U19T FM11493 01/08/2019   03/07/2019 Books
    Dewey Decimal Classification     MEDICAL SGT Medical Library SGT Medical Library Text Book 01/08/2019 ABC DELHI 250.00 SGTU 11141   615 U19T FM11494 01/08/2019   03/07/2019 Books
    Dewey Decimal Classification     MEDICAL SGT Medical Library SGT Medical Library Text Book 01/08/2019 ABC DELHI 250.00 SGTU 11141 2 615 U19T FM11495 17/01/2025 09/01/2025 03/07/2019 Books